Statistics for How Many Balkan Countries Can You Name In 15 Seconds

Click here to take the quiz!

General Stats

  • This quiz has been taken 1,472 times
    (1,446 since last reset)
  • The average score is 4 of 10

Answer Stats

Countries% Correct
Serbia
79%
Croatia
61%
Albania
48%
Kosovo
45%
Greece
43%
Macedonia
37%
Bulgaria
35%
Montenegro
34%
Slovenia
33%
Bosnia and Herzegovina
16%

Score Distribution

Percentile by Number Answered

Percent of People with Each Score

Your Score History

You have not taken this quiz since the last reset